=LDR 00000nam 2200000 4500 =001 NUTBA000000000000112 =005 20140315144759.0 =006 =007 =008 =035 ##$$0010-031400000000111 =082 ##$$a 658.8 =100 ##$$a foster, bob =245 ##$$a manajemen ritel =250 ##$$a pertama =260 ##$$a bandung $b alfabeta =300 ##$$a 198 hlm =850 ##$$a nbpdmat =990 ##$$a 0302/PN/2014 =990 ##$$a 0001/BPAP-NTB/20142015 =990 ##$$a 0001/BPAP-NTB/2016